County Monaghan Quiz - Statistics

General Stats
  • This quiz has been taken 7 times
  • The average score is 18 of 20
Answer Stats
Hint Answer % Correct
Bordering counties Armagh
100%
Boxing world featherweight champion, who also became the first non British-born winner of the BBC Sports Personality of the Year Barry McGuigan
100%
Well known country singer of "Four Country Roads", "Gentle Mother" and others, who died in 2018 Big Tom
100%
Monaghan GAA colours are white and ... Blue
100%
Bordering counties Cavan
100%
Landform that consists of oval shaped hills that covers parts of Monaghan Drumlin
100%
Bordering counties Fermanagh
100%
Bordering counties Louth
100%
Bordering counties Meath
100%
County town of Monaghan Monaghan
100%
Poet and writer of the Luke Kelly song "Raglan Road" Patrick Kavanagh
100%
Bordering counties Tyrone
100%
Province that Monaghan is in Ulster
100%
Actor who starred as Dougal in "Father Ted" Ardal O'Hanlon
75%
Well known type of lace, which was incorporated into Princess Diana's wedding dress Carrickmacross
75%
Castle and luxury hotel which became famous when Sir Paul McCartney married Heather Mills there in 2002 Castle Leslie
75%
Hometown and source of the above boxer's nickname, "The... Cyclone" Clones
75%
Village, which won the Tidy Towns competition twice, where the above hotel is situated Glaslough
75%
Radio and TV personality, comedian and impressionist who took over the RTE radio 1 slot previously held by Ryan Tubridy in 2024 Oliver Callan
50%
Irish international rugby star (69 caps), TV presenter and owner of a menswear clothing and shoe brand Tommy Bowe
50%
No matching quizzes found
Score Distribution
Percent of People with Each Score
Percentile by Number Answered
Your Score History
You have not taken this quiz